Candlemass Songs - Statistics

General Stats
  • This quiz has been taken 9 times
  • The average score is 19 of 116
Answer Stats
Album Song % Correct
Epicus Doomicus Metallicus (1986) Solitude
100%
Epicus Doomicus Metallicus (1986) | Tales of Creation (1989) Under the Oak
88%
Ancient Dreams (1988) Ancient Dreams
75%
Nightfall (1987) Mourners Lament
75%
Nightfall (1987) Samarithan
75%
Nightfall (1987) The Well of Souls
75%
Epicus Doomicus Metallicus (1986) A Sorcerer's Pledge
63%
Nightfall (1987) At the Gallows End
63%
Nightfall (1987) Bewitched
63%
Epicus Doomicus Metallicus (1986) Black Stone Wielder
63%
Epicus Doomicus Metallicus (1986) Crystal Ball
63%
Nightfall (1987) Marche funèbre
63%
Ancient Dreams (1988) Mirror Mirror
63%
Nightfall (1987) Dark Are the Veils of Death
50%
Epicus Doomicus Metallicus (1986) Demon's Gate
50%
Nightfall (1987) Gothic Stone
50%
Tales of Creation (1989) A Tale of Creation
38%
Candlemass (2005) Black Dwarf
38%
Candlemass (2005) Born In a Tank
38%
Nightfall (1987) Codex Gigas
38%
Candlemass (2005) Copernicus
38%
Psalms for the Dead (2012) Dancing In the Temple (of the Mad Queen Bee)
38%
Death Magic Doom (2009) Hammer of Doom
38%
The Door to Doom (2019) House of Doom
38%
Chapter VI (1992) Julie Laughs No More
38%
Candlemass (2005) Seven Silver Keys
38%
Sweet Evil Sun (2022) Sweet Evil Sun
38%
Chapter VI (1992) Temple of the Dead
38%
Candlemass (2005) The Day and the Night
38%
Chapter VI (1992) The Dying Illusion
38%
Chapter VI (1992) Where the Runes Still Speak
38%
Ancient Dreams (1988) A Cry From the Crypt
25%
Nightfall (1987) Black Candles
25%
Tales of Creation (1989) Dark Reflections
25%
Tales of Creation (1989) The Edge of Heaven
25%
Ancient Dreams (1988) Incarnation of Evil
13%
Tales of Creation (1989) Into the Unfathomed Tower
13%
Psalms for the Dead (2012) Psalms for the Dead
13%
Tales of Creation (1989) Somewhere In Nowhere
13%
Tales of Creation (1989) The Prophecy
13%
Dactylis Glomerata (1998) Abstrakt Sun
0%
Sweet Evil Sun (2022) A Cup of Coffin (Outro)
0%
Chapter VI (1992) Aftermath
0%
Sweet Evil Sun (2022) Angel Battle
0%
Dactylis Glomerata (1998) Apathy
0%
From the 13th Sun (1999) ARX/NG 891
0%
Candlemass (2005) Assassin of the Light
0%
The Door to Doom (2019) Astorolus - The Great Octopus
0%
Ancient Dreams (1988) Bearer of Pain
0%
Psalms for the Dead (2012) Black as Time
0%
Sweet Evil Sun (2022) Black Butterfly
0%
Chapter VI (1992) Black Eyes
0%
The Door to Doom (2019) Black Trinity
0%
From the 13th Sun (1999) Blumma Apt
0%
The Door to Doom (2019) Bridge of the Blind
0%
King of the Grey Islands (2007) Clearsight
0%
Death Magic Doom (2009) Clouds of Dementia
0%
Sweet Evil Sun (2022) Crucified
0%
From the 13th Sun (1999) Cyclo-F
0%
Dactylis Glomerata (1998) Cylinder
0%
Ancient Dreams (1988) Darkness In Paradise
0%
Tales of Creation (1989) Dawn
0%
Death Magic Doom (2009) Dead Angel
0%
The Door to Doom (2019) Death's Wheel
0%
King of the Grey Islands (2007) Demonia 6
0%
Death Magic Doom (2009) Demon of the Deep
0%
King of the Grey Islands (2007) Destroyer
0%
King of the Grey Islands (2007) Devil Seed
0%
Sweet Evil Sun (2022) Devil Voodoo
0%
From the 13th Sun (1999) Droid
0%
Dactylis Glomerata (1998) Dustflow
0%
From the 13th Sun (1999) Elephant Star
0%
King of the Grey Islands (2007) Embracing the Styx
0%
King of the Grey Islands (2007) Emperor of the Void
0%
Ancient Dreams (1988) Epistle No. 81
0%
From the 13th Sun (1999) Galatea
0%
Sweet Evil Sun (2022) Goddess
0%
Death Magic Doom (2009) House of 1000 Voices
0%
Death Magic Doom (2009) If I Ever Die
0%
Dactylis Glomerata (1998) I Still See the Black
0%
Dactylis Glomerata (1998) Karthago
0%
Dactylis Glomerata (1998) Lidocain God
0%
King of the Grey Islands (2007) Man of Shadows
0%
Candlemass (2005) Mars and Volcanos
0%
Dactylis Glomerata (1998) Molotov
0%
Death Magic Doom (2009) My Funeral Dreams
0%
From the 13th Sun (1999) Mythos
0%
King of the Grey Islands (2007) Of Stars and Smoke
0%
King of the Grey Islands (2007) Prologue
0%
Psalms for the Dead (2012) Prophet
0%
Sweet Evil Sun (2022) Scandinavian Gods
0%
Psalms for the Dead (2012) Siren Song
0%
Candlemass (2005) Spellbreaker
0%
The Door to Doom (2019) Splendor Demon Majesty
0%
Tales of Creation (1989) Tears
0%
Ancient Dreams (1988) The Bells of Acheron
0%
Death Magic Doom (2009) The Bleeding Baroness
0%
Chapter VI (1992) The Ebony Throne
0%
Chapter VI (1992) The End of Pain
0%
Psalms for the Dead (2012) The Killing of the Sun
0%
Psalms for the Dead (2012) The Lights of Thebe
0%
Candlemass (2005) The Man Who Fell From the Sky
0%
The Door to Doom (2019) The Omega Circle
0%
King of the Grey Islands (2007) The Opal City
0%
Psalms for the Dead (2012) The Sound of Dying Demons
0%
Tales of Creation (1989) Through the Infinite Halls of Death
0%
From the 13th Sun (1999) Tot
0%
The Door to Doom (2019) Under the Ocean
0%
Tales of Creation (1989) Voices In the Wind
0%
Psalms for the Dead (2012) Waterwitch
0%
Sweet Evil Sun (2022) When Death Sighs
0%
Candlemass (2005) Witches
0%
Dactylis Glomerata (1998) Wiz
0%
Sweet Evil Sun (2022) Wizard of the Vortex
0%
From the 13th Sun (1999) Zog
0%
No matching quizzes found
Score Distribution
Percent of People with Each Score
Percentile by Number Answered
Your Score History
You have not taken this quiz